000 004990000a22001570004500
003 MACL
005 20170903123032.0
008 170903b xxu||||| |||| 00| 0 eng d
040 _cmacl
100 _aरामतीर्थ ,स्‍वामी
_968965
245 _aसफलता का र‍हस्‍य
260 _bत्रदचा साहित्‍य सदन
_c2011
350 _a200
650 _aसामान्‍य वर्ग
_936
942 _cHIN
_k080/SWA
_2ddc
999 _c45838
_d45838